[Event "Pescia op-B 4th"]
[Site "Pescia"]
[Date "2011.09.18"]
[Round "5"]
[White "Avanzi, Gioni"]
[Black "Orlandi, Paolo"]
[Result "0-1"]
[WhiteElo "1658"]
[BlackElo "1579"]
[PlyCount "68"]
[EventDate "2011.09.16"]
[EventType "swiss"]
[EventRounds "5"]
[EventCountry "ITA"]
[SourceTitle "EXT 2015"]
[Source "ChessBase"]
[SourceDate "2014.11.20"]
[SourceVersion "1"]
[SourceVersionDate "2014.11.20"]
[SourceQuality "1"]

1. d4 Nf6 2. c4 g6 3. Nc3 d5 4. e3 Bg7 5. Nf3 0-0 6. Be2 c5 7. 0-0 cxd4 8. Nxd4 dxc4 9. Bxc4 b6 10. Qf3 Qc7 11. Qxa8 Qxc4 12. Qf3 Ba6 13. Rd1 Nbd7 14. Qc6 Nc5 15. Bd2 Rc8 16. Qf3 Nd3 17. b3 Qc7 18. Be1 Nxe1 19. Rxe1 Qxc3 20. Qd1 Qc7 21. Qd2 Rd8 22. Rac1 Qd7 23. Qb4 Bb7 24. Rc2 Qd5 25. f3 Bf8 26. Qc3 Nd7 27. Rec1 Nc5 28. b4 Na6 29. Qb2 e6 30. Nc6 Bxc6 31. Rxc6 Nxb4 32. Rc8 Rxc8 33. Rxc8 Qd1+ 34. Kf2 Nd3+ 0-1

[Event "ITA-chT UISP 23rd"]
[Site "Rimini"]
[Date "2002.12.??"]
[Round "5"]
[White "Avanzi, Gioni"]
[Black "Camarda, Giuseppe"]
[Result "0-1"]
[WhiteElo "1344"]
[BlackElo "1453"]
[PlyCount "100"]
[EventDate "2002.12.??"]
[EventType "team"]
[EventRounds "6"]
[EventCountry "ITA"]
[SourceTitle "EXT 2024"]
[Source "ChessBase"]
[SourceDate "2023.10.10"]
[SourceVersion "1"]
[SourceVersionDate "2023.10.10"]
[SourceQuality "1"]

1. d4 d5 2. c4 Nf6 3. cxd5 Nxd5 4. e4 Nf6 5. Nc3 e6 6. Bg5 Be7 7. Nf3 0-0 8. Be2 a6 9. a3 b5 10. b4 Bb7 11. Bxf6 Bxf6 12. 0-0 Nc6 13. e5 Be7 14. Qd3 Nb8 15. Rad1 c6 16. Qc2 a5 17. bxa5 Rxa5 18. Ra1 Rxa3 19. Rxa3 Bxa3 20. Ra1 Be7 21. Bd3 g6 22. Be4 b4 23. Ne2 Qb6 24. Nc1 Nd7 25. Nd3 Rc8 26. Rb1 c5 27. Bxb7 Qxb7 28. dxc5 Bxc5 29. Nxc5 Rxc5 30. Qb2 Qc7 31. Qxb4 Nxe5 32. Nxe5 Rc1+ 33. Qe1 Rxe1+ 34. Rxe1 Qc3 35. Nf3 h5 36. Kf1 Qd3+ 37. Kg1 Kg7 38. Re3 Qa6 39. g3 f6 40. Kg2 Qa4 41. Rxe6 Kf7 42. Re3 g5 43. h3 Qc6 44. Kg1 Kg6 45. Nh2 f5 46. f3 Qd7 47. Kf2 f4 48. Re2 Qxh3 49. gxf4 Qxh2+ 50. Ke3 gxf4+ 0-1